[Event "Oberliga Baden 0809"]
[Site "Germany"]
[Date "2008.10.05"]
[Round "1.5"]
[White "Preiss, Martin"]
[Black "Engel, Berthold"]
[Result "1/2-1/2"]
[WhiteElo "2283"]
[BlackElo "2235"]
[PlyCount "23"]
[EventDate "2008.10.05"]
[EventType "team-tourn"]
[EventRounds "9"]
[EventCountry "GER"]
[SourceTitle "EXT 2010"]
[Source "ChessBase"]
[SourceDate "2010.11.25"]
[SourceVersion "1"]
[SourceVersionDate "2010.11.25"]
[SourceQuality "1"]
[WhiteTeam "Karlsruhe"]
[BlackTeam "Kirchheim II"]
[WhiteTeamCountry "GER"]
[BlackTeamCountry "GER"]

1. c4 e5 2. g3 Nf6 3. Bg2 c6 4. d4 Bb4+ 5. Bd2 Bxd2+ 6. Qxd2 d6 7. dxe5 dxe5 8. Qxd8+ Kxd8 9. Nf3 Re8 10. Nc3 Bf5 11. 0-0 Kc7 12. Rfd1 1/2-1/2

[Event "Verbandsliga Nord Baden 0607"]
[Site "Germany"]
[Date "2007.03.25"]
[Round "8.1"]
[White "Preiss, Martin"]
[Black "Pinter, Jozsef"]
[Result "0-1"]
[WhiteElo "2287"]
[BlackElo "2532"]
[PlyCount "102"]
[EventDate "2006.10.22"]
[EventType "team"]
[EventRounds "9"]
[EventCountry "GER"]
[SourceTitle "EXT 2008"]
[Source "ChessBase"]
[SourceDate "2007.11.25"]
[SourceVersion "1"]
[SourceVersionDate "2007.11.25"]
[SourceQuality "1"]
[WhiteTeam "Karlsruhe II"]
[BlackTeam "Buchen"]
[WhiteTeamCountry "GER"]
[BlackTeamCountry "GER"]

1. c4 Nf6 2. g3 c6 3. Nf3 d5 4. Bg2 dxc4 5. 0-0 Nbd7 6. Qc2 Nb6 7. Na3 Qd5 8. Ne1 Qe6 9. e4 g6 10. b3 Bg7 11. Bb2 cxb3 12. axb3 0-0 13. d4 Qd7 14. Nd3 Qd8 15. Rfd1 Ng4 16. h3 Nh6 17. Nf4 e6 18. Nc4 Nxc4 19. bxc4 Bd7 20. Bc3 Qc7 21. Nd3 b6 22. Ra2 f6 23. Qb3 Nf7 24. Rda1 Rfb8 25. d5 e5 26. f4 c5 27. Rf2 Re8 28. fxe5 Nxe5 29. Nxe5 fxe5 30. Qb2 Rf8 31. Raf1 Rxf2 32. Rxf2 a5 33. Qd2 Qd6 34. Kh2 a4 35. h4 Re8 36. Rf1 b5 37. cxb5 Bxb5 38. Rb1 Bd7 39. Qa2 Ra8 40. Qc4 Ra7 41. Bh3 Bxh3 42. Kxh3 Bf8 43. Ra1 Qd7+ 44. Kg2 Bd6 45. Qf1 Qg4 46. Qc4 Rf7 47. Qd3 c4 48. Qxc4 Qf3+ 49. Kh3 Rc7 50. Qxa4 Rxc3 51. Qe8+ Kg7 0-1

[Event "Pula op 19th"]
[Site "Pula"]
[Date "2005.06.26"]
[Round "9"]
[White "Czap, Bernhard"]
[Black "Preiss, Martin"]
[Result "0-1"]
[WhiteElo "2218"]
[BlackElo "2309"]
[PlyCount "128"]
[EventDate "2005.06.19"]
[EventType "swiss"]
[EventRounds "9"]
[EventCountry "CRO"]
[SourceTitle "CBM 106 Extra"]
[Source "ChessBase"]
[SourceDate "2005.07.01"]
[SourceVersion "1"]
[SourceVersionDate "2005.07.01"]
[SourceQuality "1"]

1. Nf3 f5 2. d3 d6 3. e4 e5 4. Nc3 Nc6 5. exf5 Bxf5 6. d4 e4 7. d5 exf3 8. dxc6 bxc6 9. Qxf3 Bd7 10. Bd3 Nf6 11. Qg3 Qe7+ 12. Be3 Qf7 13. 0-0 Be7 14. Bg5 0-0 15. Rae1 Rfe8 16. Bxf6 Bxf6 17. Ne4 Be5 18. f4 Bd4+ 19. Kh1 Bf5 20. Ng5 Qg6 21. Bxf5 Qxf5 22. Qb3+ d5 23. Qa4 Qf6 24. c3 Bc5 25. f5 Qxg5 26. Qxc6 Be3 27. f6 Rf8 28. Qe6+ Kh8 29. Rxe3 gxf6 30. Rg3 Qe5 31. Qd7 Rg8 32. Rgf3 Rg7 33. Qc6 Rag8 34. g3 Rg6 35. Qd7 Re8 36. Qf5 Kg7 37. Kg2 Re6 38. Qd3 Rg4 39. Rf5 Qe2+ 40. Qxe2 Rxe2+ 41. R1f2 Rxf2+ 42. Rxf2 Re4 43. Kf3 Kg6 44. Rd2 c6 45. b3 Kf7 46. Rd1 h5 47. Rc1 Ke6 48. Rd1 a5 49. h3 f5 50. a3 c5 51. Rd2 d4 52. Rd3 Re1 53. b4 axb4 54. axb4 cxb4 55. cxd4 Kd5 56. Kf4 Kc4 57. Rf3 b3 58. Rf2 Rg1 59. h4 Kxd4 60. Kxf5 Rxg3 61. Re2 Rg4 62. Rh2 Kc3 63. Rh3+ Kb4 64. Rh2 Ka3 0-1

[Event "SUI-chT"]
[Site "Switzerland"]
[Date "2004.11.06"]
[Round "8.4"]
[White "Papa, Severin"]
[Black "Preiss, Martin"]
[Result "1-0"]
[WhiteElo "2399"]
[BlackElo "2304"]
[PlyCount "53"]
[EventDate "2004.02.29"]
[EventType "team-tourn"]
[EventRounds "9"]
[EventCountry "SUI"]
[SourceTitle "EXT 2006"]
[Source "ChessBase"]
[SourceDate "2005.11.24"]
[SourceVersion "1"]
[SourceVersionDate "2005.11.24"]
[SourceQuality "1"]
[WhiteTeam "Luzern"]
[BlackTeam "Roessli"]
[WhiteTeamCountry "SUI"]
[BlackTeamCountry "SUI"]

1. d4 f5 2. c4 Nf6 3. Nc3 g6 4. g3 Bg7 5. Bg2 d6 6. Nf3 0-0 7. 0-0 Qe8 8. d5 a5 9. Nd4 Na6 10. b3 Nc5 11. Bb2 g5 12. Qd2 f4 13. gxf4 gxf4 14. Kh1 Ng4 15. Bf3 Ne5 16. Rg1 Kh8 17. Ndb5 Na6 18. Ne4 c6 19. dxc6 bxc6 20. Nbxd6 exd6 21. Rxg7 Kxg7 22. Qxd6 Rf5 23. Rg1+ Kf7 24. Bh5+ Ng6 25. Bxg6+ hxg6 26. Qxg6+ Ke7 27. Qd6+ 1-0

[Event "BL2-Sued 0405"]
[Site "Germany"]
[Date "2004.10.24"]
[Round "1.7"]
[White "Spiegel, Stefan"]
[Black "Preiss, Martin"]
[Result "1/2-1/2"]
[WhiteElo "2254"]
[BlackElo "2313"]
[PlyCount "60"]
[EventDate "2004.10.24"]
[EventType "team-tourn"]
[EventRounds "9"]
[EventCountry "GER"]
[SourceTitle "EXT 2007"]
[Source "ChessBase"]
[SourceDate "2006.11.23"]
[SourceVersion "1"]
[SourceVersionDate "2006.11.23"]
[SourceQuality "1"]
[WhiteTeam "Viernheim"]
[BlackTeam "Karlsruhe"]
[WhiteTeamCountry "GER"]
[BlackTeamCountry "GER"]

1. e4 d6 2. d4 Nf6 3. Nc3 g6 4. g3 Bg7 5. Bg2 0-0 6. Nge2 e5 7. h3 Nc6 8. Be3 Bd7 9. 0-0 a6 10. a4 exd4 11. Nxd4 Re8 12. Nde2 Rb8 13. g4 b5 14. axb5 axb5 15. Ng3 b4 16. Nd5 Ne5 17. Bg5 c6 18. Ne3 Be6 19. b3 h6 20. Bxf6 Bxf6 21. Qd2 Nd7 22. Rad1 Qb6 23. Ne2 Rbd8 24. Kh1 Nc5 25. Nd4 Bc8 26. Nc4 Qc7 27. Qxb4 Nxe4 28. Qb6 Qxb6 29. Nxb6 Bb7 30. Nc4 c5 1/2-1/2

[Event "SUI-chT"]
[Site "Switzerland"]
[Date "2004.04.18"]
[Round "3.2"]
[White "Preiss, Martin"]
[Black "Pelletier, Yannick"]
[Result "1/2-1/2"]
[WhiteElo "2240"]
[BlackElo "2603"]
[PlyCount "50"]
[EventDate "2004.02.29"]
[EventType "team-tourn"]
[EventRounds "9"]
[EventCountry "SUI"]
[SourceTitle "EXT 2005"]
[Source "ChessBase"]
[SourceDate "2004.11.15"]
[SourceVersion "1"]
[SourceVersionDate "2004.11.15"]
[SourceQuality "1"]
[WhiteTeam "Roessli"]
[BlackTeam "Biel"]
[WhiteTeamCountry "SUI"]
[BlackTeamCountry "SUI"]

1. c4 Nf6 2. g3 e5 3. Bg2 d5 4. cxd5 Nxd5 5. Nc3 Nb6 6. Nf3 Nc6 7. d3 Be7 8. a3 Be6 9. 0-0 0-0 10. b4 a5 11. b5 Nd4 12. Nd2 Bd5 13. Nxd5 Nxd5 14. Bb2 a4 15. Nf3 Bf6 16. Nxd4 exd4 17. Rc1 Ra5 18. Rc4 Nb6 19. Rb4 Qd7 20. Bxb7 Rxb5 21. Rxb5 Qxb5 22. Qc2 Nc4 23. Qxc4 Qxb2 24. Bc6 Qxa3 25. Qxa4 Qxa4 1/2-1/2

[Event "Baden VLN 0304"]
[Site "Baden"]
[Date "2004.04.04"]
[Round "8.1"]
[White "Preiss, Martin"]
[Black "Nippgen, Georg"]
[Result "0-1"]
[WhiteElo "2296"]
[BlackElo "2205"]
[PlyCount "80"]
[EventDate "2003.10.12"]
[EventType "team-tourn"]
[EventRounds "9"]
[EventCountry "GER"]
[SourceTitle "EXT 2022"]
[Source "ChessBase"]
[SourceDate "2021.10.06"]
[SourceVersion "1"]
[SourceVersionDate "2021.10.06"]
[SourceQuality "1"]
[WhiteTeam "Karlsruhe II"]
[BlackTeam "Heidelberg II"]
[WhiteTeamCountry "GER"]
[BlackTeamCountry "GER"]

1. c4 Nf6 2. g3 e6 3. Bg2 c5 4. Nf3 Qc7 5. Nc3 a6 6. 0-0 Be7 7. b3 0-0 8. Bb2 d6 9. e3 Nbd7 10. Rc1 Rb8 11. d4 b5 12. cxb5 axb5 13. dxc5 dxc5 14. Qc2 Qa5 15. Rfd1 Bb7 16. Ng5 Nb6 17. Nxb5 g6 18. Bxb7 Rxb7 19. Nd6 Rd7 20. Nc4 Rxd1+ 21. Rxd1 Nxc4 22. bxc4 Rb8 23. Be5 Rb4 24. Ne4 Nxe4 25. Qxe4 Qa4 26. Rc1 f5 27. Qc2 Qa6 28. Ba1 Qa3 29. Rd1 Qa4 30. Rc1 Qxc2 31. Rxc2 Rb1+ 32. Kg2 Rxa1 33. f4 Kf7 34. Kf3 Bf6 35. g4 Rb1 36. gxf5 gxf5 37. h4 Rb2 38. Rxb2 Bxb2 39. e4 h5 40. Ke3 Ke7 0-1

[Event "GER-ch 75th"]
[Site "Hoeckendorf"]
[Date "2004.02.02"]
[Round "4"]
[White "Preiss, Martin"]
[Black "Bastian, Herbert"]
[Result "0-1"]
[WhiteElo "2304"]
[BlackElo "2384"]
[PlyCount "108"]
[EventDate "2004.01.30"]
[EventType "swiss"]
[EventRounds "9"]
[EventCountry "GER"]
[SourceTitle "CBM 100"]
[Source "ChessBase"]
[SourceDate "2004.06.01"]
[SourceVersion "1"]
[SourceVersionDate "2004.06.01"]
[SourceQuality "1"]

1. c4 Nf6 2. g3 g6 3. Bg2 Bg7 4. Nc3 d6 5. d4 0-0 6. Nf3 Nbd7 7. 0-0 c6 8. Qc2 Qa5 9. h3 e5 10. Rd1 Re8 11. e4 Nf8 12. dxe5 dxe5 13. Rb1 Qc5 14. Bf1 Nh5 15. b4 Qe7 16. c5 Ne6 17. Be3 Rf8 18. Nh4 Nd4 19. Bxd4 exd4 20. Ne2 Rd8 21. Rd2 Be6 22. Rbd1 a5 23. Nxd4 Bxd4 24. Rxd4 Rxd4 25. Rxd4 axb4 26. Rxb4 Rxa2 27. Rb2 Ra1 28. Rb1 Ra5 29. Rc1 Ra2 30. Qc3 Qf6 31. Qe3 Qb2 32. Rd1 Ra1 33. Rd8+ Kg7 34. Nf5+ Bxf5 35. exf5 Qb1 36. Qd3 Qxd3 37. Rxd3 gxf5 38. Rb3 f4 39. g4 Nf6 40. Kg2 Ne4 41. Rxb7 f3+ 42. Kxf3 Nd2+ 43. Ke2 Nxf1 44. Rb6 Nh2 45. Rxc6 Ra2+ 46. Ke3 Ra3+ 47. Ke4 Rxh3 48. g5 Nf3 49. Kf4 Nd4 50. Rc8 Rc3 51. Ke5 Ne6 52. c6 Rc5+ 53. Kd6 Rxg5 54. Re8 Rd5+ 0-1

[Event "GER-ch 75th"]
[Site "Hoeckendorf"]
[Date "2004.01.31"]
[Round "2"]
[White "Preiss, Martin"]
[Black "Muse, Mladen"]
[Result "1/2-1/2"]
[WhiteElo "2304"]
[BlackElo "2452"]
[PlyCount "173"]
[EventDate "2004.01.30"]
[EventType "swiss"]
[EventRounds "9"]
[EventCountry "GER"]
[SourceTitle "CBM 100"]
[Source "ChessBase"]
[SourceDate "2004.06.01"]
[SourceVersion "1"]
[SourceVersionDate "2004.06.01"]
[SourceQuality "1"]

1. c4 e5 2. g3 Nf6 3. Bg2 c6 4. d4 Bb4+ 5. Bd2 Bxd2+ 6. Qxd2 d6 7. Nc3 0-0 8. Nf3 e4 9. Ng5 d5 10. cxd5 cxd5 11. f3 h6 12. Nh3 exf3 13. exf3 Re8+ 14. Kf2 Bxh3 15. Bxh3 Nc6 16. Rhe1 Qb6 17. Rxe8+ Rxe8 18. Rd1 Qb4 19. Bf5 Na5 20. b3 Nc6 21. Qd3 Qe7 22. Qe2 Qb4 23. Qd3 Kf8 24. Qd2 Kg8 25. Qd3 Qf8 26. Qb5 Qe7 27. Qe2 Qd8 28. Qb5 g6 29. Bh3 Qe7 30. Qe2 Qb4 31. Qd2 Kg7 32. Bf1 Qa3 33. Bb5 Re6 34. Nb1 Qe7 35. Bxc6 Rxc6 36. Rc1 Ra6 37. Re1 Qd7 38. Kg2 Qf5 39. Nc3 Rc6 40. Re2 a6 41. Na4 Nh7 42. g4 Qf6 43. Nc5 Ng5 44. f4 Ne6 45. Nxe6+ Rxe6 46. Re5 Rc6 47. h3 Qd8 48. Re2 Qc7 49. Rf2 Qe7 50. Re2 Qc7 51. Rf2 Qe7 52. Re2 Re6 53. Re5 f6 54. Rxe6 Qxe6 55. Qc2 h5 56. g5 Qe7 57. gxf6+ Kxf6 58. Kf3 Qe6 59. Kg2 Qe3 60. Qf2 Qe4+ 61. Kg3 Qf5 62. h4 a5 63. Qd2 b6 64. a4 Ke6 65. Qc3 Kd7 66. Qd2 Qe6 67. Qf2 Qg4+ 68. Kh2 Kd6 69. Qg3 Qf5 70. Qg5 Ke6 71. Kg3 Qd3+ 72. Kh2 Qc2+ 73. Kh1 Qd1+ 74. Kh2 Qe2+ 75. Kh3 Qf3+ 76. Kh2 Kf7 77. Qe5 Qf2+ 78. Kh3 Qf1+ 79. Kh2 Qf2+ 80. Kh3 Qf3+ 81. Kh2 Qxb3 82. Qc7+ Ke6 83. Qc8+ Ke7 84. Qc7+ Kf6 85. Qe5+ Kf7 86. Qc7+ Kg8 87. Qd8+ 1/2-1/2

[Event "Baden VLN 0304"]
[Site "Baden"]
[Date "2004.01.11"]
[Round "4.2"]
[White "Haas, Frank Martin"]
[Black "Preiss, Martin"]
[Result "1-0"]
[WhiteElo "2175"]
[BlackElo "2296"]
[PlyCount "51"]
[EventDate "2003.10.12"]
[EventType "team-tourn"]
[EventRounds "9"]
[EventCountry "GER"]
[SourceTitle "EXT 2022"]
[Source "ChessBase"]
[SourceDate "2021.10.06"]
[SourceVersion "1"]
[SourceVersionDate "2021.10.06"]
[SourceQuality "1"]
[WhiteTeam "Walldorf"]
[BlackTeam "Karlsruhe II"]
[WhiteTeamCountry "GER"]
[BlackTeamCountry "GER"]

1. e4 d6 2. d4 Nf6 3. Nc3 g6 4. g3 Bg7 5. Bg2 0-0 6. Nge2 e5 7. h3 Nc6 8. Be3 Bd7 9. 0-0 Re8 10. a4 exd4 11. Nxd4 Nxd4 12. Bxd4 Qc8 13. Kh2 Bc6 14. Qd3 b6 15. f4 Qb7 16. Rae1 a6 17. b4 b5 18. a5 Rad8 19. Re2 Qc8 20. Rfe1 Bb7 21. Nd5 Nxd5 22. exd5 Rxe2 23. Rxe2 Re8 24. Bxg7 Kxg7 25. Rxe8 Qxe8 26. Qc3+ 1-0

[Event "BL2-Sued 0304"]
[Site "Germany"]
[Date "2004.??.??"]
[Round "?.7"]
[White "Preiss, Martin"]
[Black "Unzicker, Ferdinand"]
[Result "0-1"]
[WhiteElo "2295"]
[BlackElo "2290"]
[PlyCount "118"]
[EventDate "2003.10.??"]
[EventType "team-tourn"]
[EventRounds "9"]
[EventCountry "GER"]
[SourceTitle "CBM 100 Extra"]
[Source "ChessBase"]
[SourceDate "2004.07.06"]
[SourceVersion "2"]
[SourceVersionDate "2004.07.06"]
[SourceQuality "1"]
[WhiteTeam "Karlsruhe"]
[BlackTeam "Bayern Muenchen"]
[WhiteTeamCountry "GER"]
[BlackTeamCountry "GER"]

1. c4 c5 2. g3 g6 3. Bg2 Bg7 4. Nc3 Nf6 5. Nf3 Nc6 6. d4 cxd4 7. Nxd4 0-0 8. Nc2 d6 9. 0-0 Nd7 10. Bd2 Re8 11. Rc1 a5 12. b3 Nb4 13. a3 Bxc3 14. axb4 axb4 15. Bxc3 bxc3 16. Qd4 Nc5 17. Qxc3 Qb6 18. b4 Na6 19. Rb1 Bd7 20. Ne3 Be6 21. Bd5 Bd7 22. Rfc1 Rec8 23. Bf3 Be6 24. Bg4 Nc7 25. c5 Qc6 26. cxd6 Qxd6 27. Nc4 Nb5 28. Nxd6 Rxc3 29. Bxe6 Rxc1+ 30. Rxc1 Nxd6 31. Bd5 e6 32. Bf3 Ra4 33. Rd1 Ra6 34. e3 Kf8 35. Rc1 Rb6 36. Rd1 Ke7 37. Rd4 e5 38. Rd5 e4 39. Be2 Rxb4 40. Rc5 Kd7 41. g4 Rb2 42. Bf1 b6 43. Rd5 Ra2 44. Rd4 Ra1 45. Kg2 Kc7 46. g5 b5 47. Rb4 Kc6 48. Bxb5+ Nxb5 49. Rxe4 Nd6 50. Rh4 Ra5 51. f4 Kd5 52. Kf3 Ke6 53. Rxh7 Ra3 54. Rh8 Ke7 55. Rb8 Nc4 56. Rc8 Nxe3 57. Rc7+ Kf8 58. Rc8+ Kg7 59. Re8 Nd5+ 0-1

[Event "Baden-ch BM"]
[Site "Karlsruhe"]
[Date "2003.04.24"]
[Round "9.4"]
[White "Preiss, Martin"]
[Black "Guenthner, Oliver"]
[Result "1-0"]
[WhiteElo "2285"]
[BlackElo "2295"]
[PlyCount "165"]
[EventDate "2003.04.18"]
[EventType "swiss"]
[EventRounds "11"]
[EventCountry "GER"]
[SourceTitle "EXT 2004"]
[Source "ChessBase"]
[SourceDate "2003.11.25"]
[SourceVersion "1"]
[SourceVersionDate "2003.11.25"]
[SourceQuality "1"]

1. c4 e5 2. g3 Nc6 3. Bg2 g6 4. Nc3 Bg7 5. Nf3 d6 6. 0-0 Be6 7. d3 h6 8. Rb1 Qd7 9. Re1 Nge7 10. b4 0-0 11. b5 Nd8 12. Qc2 f5 13. Nd2 g5 14. a4 Rb8 15. a5 Bf7 16. Nd5 Ne6 17. e3 Ng6 18. Ba3 g4 19. Bb2 c6 20. bxc6 bxc6 21. Nc3 f4 22. Nce4 d5 23. cxd5 cxd5 24. Nc5 Nxc5 25. Qxc5 Rfc8 26. Qa3 f3 27. Bf1 Rc2 28. Bc3 Rc8 29. Bb4 Bf8 30. Red1 d4 31. Bxf8 Nxf8 32. Ne4 Kg7 33. exd4 exd4 34. Qb4 Ne6 35. Re1 Rd8 36. a6 Rc6 37. Qa5 Kg6 38. h3 h5 39. Qe5 Rxa6 40. Qf6+ Kh7 41. hxg4 hxg4 42. Qh4+ Kg7 43. Qxg4+ Bg6 44. Qxf3 Rf8 45. Qg4 Rf7 46. Bh3 Qd5 47. Rec1 Nf8 48. Bg2 Ra5 49. Rb4 Qd8 50. Nd2 Rd7 51. Bc6 Rg5 52. Qh4 Rh5 53. Qxd8 Rxd8 54. Rb7+ Kf6 55. Bf3 Re5 56. Be4 Ne6 57. Rc6 Re8 58. f4 Rc5 59. Rxa7 Rxc6 60. Bxc6 Rd8 61. Be4 Nc5 62. Bxg6 Kxg6 63. Ra3 Rb8 64. Kf2 Rb2 65. Ke1 Ne6 66. Ra6 Kf7 67. Nf3 Rg2 68. Ne5+ Ke7 69. f5 Ng5 70. f6+ Kd8 71. f7 Nxf7 72. Nxf7+ Ke7 73. Nh6 Kf8 74. Nf5 Kg8 75. Rg6+ Kf7 76. Rg4 Kf6 77. Nxd4 Ra2 78. Ne2 Rb2 79. Kf2 Rd2 80. Ke3 Rd1 81. Ra4 Kf5 82. Rc4 Ke5 83. Rc1 1-0

[Event "Baden-ch BM"]
[Site "Karlsruhe"]
[Date "2003.04.23"]
[Round "8.7"]
[White "Wehner, Roland"]
[Black "Preiss, Martin"]
[Result "0-1"]
[WhiteElo "2178"]
[BlackElo "2285"]
[PlyCount "39"]
[EventDate "2003.04.18"]
[EventType "swiss"]
[EventRounds "11"]
[EventCountry "GER"]
[SourceTitle "EXT 2004"]
[Source "ChessBase"]
[SourceDate "2003.11.25"]
[SourceVersion "1"]
[SourceVersionDate "2003.11.25"]
[SourceQuality "1"]

1. e4 d6 2. d4 Nf6 3. Nc3 g6 4. f4 Bg7 5. Nf3 c5 6. dxc5 Qa5 7. Bd3 Qxc5 8. Qe2 Bg4 9. Be3 Qa5 10. 0-0 Nc6 11. Qe1 Bxf3 12. Rxf3 0-0 13. Qh4 Rac8 14. Kh1 Nb4 15. g4 Nxd3 16. cxd3 Qb4 17. Raf1 Qxb2 18. Nd1 Qe2 19. Bd4 Rc1 20. Ne3 0-1

[Event "Baden-ch BM"]
[Site "Karlsruhe"]
[Date "2003.04.20"]
[Round "4.5"]
[White "Preiss, Martin"]
[Black "Widmann, Volker"]
[Result "1-0"]
[WhiteElo "2285"]
[BlackElo "2284"]
[PlyCount "77"]
[EventDate "2003.04.18"]
[EventType "swiss"]
[EventRounds "11"]
[EventCountry "GER"]
[SourceTitle "EXT 2004"]
[Source "ChessBase"]
[SourceDate "2003.11.25"]
[SourceVersion "1"]
[SourceVersionDate "2003.11.25"]
[SourceQuality "1"]

1. c4 e6 2. g3 d5 3. Nf3 c6 4. b3 f5 5. Bg2 Nf6 6. 0-0 Bd6 7. d3 Qe7 8. Qc2 0-0 9. Nc3 Na6 10. e4 Nb4 11. Qe2 e5 12. cxd5 cxd5 13. exd5 e4 14. dxe4 fxe4 15. Ng5 Bg4 16. Qd2 Bf5 17. Ba3 Rac8 18. Rac1 Bc5 19. Ncxe4 Bxe4 20. Rxc5 Qxc5 21. Bxb4 Qxd5 22. Nxe4 Qxd2 23. Nxf6+ Rxf6 24. Bxd2 Rc2 25. Be3 Rxa2 26. Bxb7 a5 27. Rd1 Rf8 28. Rd7 Rb8 29. Bd5+ Kf8 30. Rf7+ Ke8 31. Rxg7 Rb4 32. Rxh7 Ra1+ 33. Kg2 Rd1 34. Bc6+ Kd8 35. Bg5+ Kc8 36. Ba4 Rd3 37. Bf4 Rb6 38. Rc7+ Kd8 39. Rc5 1-0

[Event "Baden-ch BM"]
[Site "Karlsruhe"]
[Date "2003.04.18"]
[Round "1.13"]
[White "Haas, Michael"]
[Black "Preiss, Martin"]
[Result "1/2-1/2"]
[WhiteElo "2101"]
[BlackElo "2285"]
[PlyCount "47"]
[EventDate "2003.04.18"]
[EventType "swiss"]
[EventRounds "11"]
[EventCountry "GER"]
[SourceTitle "EXT 2004"]
[Source "ChessBase"]
[SourceDate "2003.11.25"]
[SourceVersion "1"]
[SourceVersionDate "2003.11.25"]
[SourceQuality "1"]

1. e4 d6 2. d4 Nf6 3. Nc3 g6 4. g3 Bg7 5. Bg2 0-0 6. h3 e5 7. Nge2 Nc6 8. dxe5 dxe5 9. Qxd8 Rxd8 10. Bd2 Be6 11. 0-0-0 Ne8 12. Kb1 Nd4 13. Nxd4 exd4 14. Nd5 c6 15. Nf4 Bc4 16. Nd3 b6 17. f4 Rac8 18. Rhe1 c5 19. f5 b5 20. g4 Bxd3 21. cxd3 Be5 22. Rf1 Nd6 23. Bf4 Re8 24. h4 1/2-1/2

[Event "BL2-Sued 0304"]
[Site "Germany"]
[Date "2003.??.??"]
[Round "?.8"]
[White "Preiss, Martin"]
[Black "Reljic, Radomir"]
[Result "1/2-1/2"]
[WhiteElo "2295"]
[BlackElo "2220"]
[PlyCount "35"]
[EventDate "2003.10.??"]
[EventType "team-tourn"]
[EventRounds "9"]
[EventCountry "GER"]
[SourceTitle "CBM 100 Extra"]
[Source "ChessBase"]
[SourceDate "2004.07.06"]
[SourceVersion "2"]
[SourceVersionDate "2004.07.06"]
[SourceQuality "1"]
[WhiteTeam "Karlsruhe"]
[BlackTeam "Boeblingen"]
[WhiteTeamCountry "GER"]
[BlackTeamCountry "GER"]

1. c4 Nf6 2. g3 c5 3. Bg2 Nc6 4. Nc3 g6 5. Nf3 Bg7 6. d4 cxd4 7. Nxd4 0-0 8. 0-0 Nxd4 9. Qxd4 d6 10. Qd3 Qa5 11. Bd2 Qh5 12. h4 h6 13. Nd5 Nxd5 14. Bxd5 Bg4 15. Rfe1 Rad8 16. Bc3 Bxc3 17. Qxc3 e6 18. Bf3 1/2-1/2

[Event "Bratto op 22nd"]
[Site "Bratto"]
[Date "2002.08.22"]
[Round "3"]
[White "Preiss, Martin"]
[Black "Lapiccirella, Daniele"]
[Result "1-0"]
[WhiteElo "2265"]
[BlackElo "2097"]
[PlyCount "51"]
[EventDate "2002.08.20"]
[EventType "swiss"]
[EventRounds "9"]
[EventCountry "ITA"]
[SourceTitle "EXT 2003"]
[Source "ChessBase"]
[SourceDate "2002.11.25"]
[SourceVersion "1"]
[SourceVersionDate "2002.11.25"]
[SourceQuality "1"]

1. c4 c6 2. e4 e5 3. Nf3 d6 4. d4 Nd7 5. Nc3 Ngf6 6. Be2 Be7 7. 0-0 0-0 8. Qc2 exd4 9. Nxd4 Re8 10. Re1 Bf8 11. Bf1 Ne5 12. h3 Ng6 13. Be3 Qc7 14. b3 Bd7 15. Rad1 Rad8 16. f3 Bc8 17. Bf2 a6 18. Na4 Qb8 19. Nb6 d5 20. exd5 Rxe1 21. Rxe1 cxd5 22. c5 Bd7 23. b4 h6 24. Bd3 Be8 25. Bxg6 fxg6 26. Ne6 1-0

[Event "Bratto op 22nd"]
[Site "Bratto"]
[Date "2002.08.20"]
[Round "1"]
[White "Preiss, Martin"]
[Black "Capece, Adolivio"]
[Result "1-0"]
[WhiteElo "2265"]
[BlackElo "2067"]
[PlyCount "91"]
[EventDate "2002.08.20"]
[EventType "swiss"]
[EventRounds "9"]
[EventCountry "ITA"]
[SourceTitle "EXT 2003"]
[Source "ChessBase"]
[SourceDate "2002.11.25"]
[SourceVersion "1"]
[SourceVersionDate "2002.11.25"]
[SourceQuality "1"]

1. c4 Nf6 2. Nc3 c5 3. g3 g6 4. Bg2 Bg7 5. Nf3 Nc6 6. d4 cxd4 7. Nxd4 0-0 8. Nc2 d6 9. 0-0 Bd7 10. b3 Qc8 11. Bd2 Bh3 12. Rc1 Bxg2 13. Kxg2 Qd7 14. e4 Rac8 15. Ne3 Ne5 16. Qe2 Nc6 17. Rfd1 Nd4 18. Qd3 Ne6 19. f3 Nh5 20. Ned5 Nc5 21. Qe2 e6 22. Nf4 Nf6 23. Be3 Qe7 24. Nb5 Rfd8 25. Nxa7 Ra8 26. Nb5 g5 27. Nd3 g4 28. Nxc5 gxf3+ 29. Kxf3 dxc5 30. Rxd8+ Rxd8 31. Rd1 Nd7 32. Kg2 Ra8 33. a3 b6 34. Qd2 Nf6 35. Qd3 Ng4 36. Bf4 e5 37. Bc1 Qf6 38. Rf1 Qg6 39. Nc7 Rf8 40. Nd5 Qe6 41. Qf3 Kh8 42. Qf5 Qxf5 43. Rxf5 Rb8 44. a4 Kg8 45. h3 Nh6 46. Rh5 1-0

[Event "Bratto op 21st"]
[Site "Bratto"]
[Date "2001.08.29"]
[Round "8"]
[White "Lalic, Bogdan"]
[Black "Preiss, Martin"]
[Result "1-0"]
[WhiteElo "2528"]
[BlackElo "2262"]
[PlyCount "101"]
[EventDate "2001.08.22"]
[EventType "swiss"]
[EventRounds "9"]
[EventCountry "ITA"]
[SourceTitle "EXT 2002"]
[Source "ChessBase"]
[SourceDate "2001.11.25"]
[SourceVersion "1"]
[SourceVersionDate "2001.11.25"]
[SourceQuality "1"]

1. d4 f5 2. g3 Nf6 3. Bg2 e6 4. c4 d5 5. Qc2 c6 6. Nh3 Be7 7. 0-0 0-0 8. Nf4 Bd7 9. Nd2 g5 10. Nd3 Be8 11. Nf3 h6 12. b3 Nbd7 13. Bb2 Bg6 14. Qc1 Ng4 15. h3 Ngf6 16. e3 Bh5 17. Ba3 Bxf3 18. Bxf3 Ne4 19. Bg2 Rf7 20. Kh2 Qf8 21. Bxe7 Qxe7 22. f3 Nef6 23. Qb2 Raf8 24. Rae1 Nh5 25. c5 Re8 26. b4 e5 27. b5 e4 28. fxe4 dxe4 29. bxc6 bxc6 30. Nb4 Nb8 31. Qe2 Ng7 32. Rb1 Kh8 33. Rbc1 f4 34. exf4 gxf4 35. gxf4 Nf5 36. d5 a5 37. Nxc6 Nxc6 38. dxc6 Nd4 39. Qe3 Nxc6 40. Rcd1 Rf6 41. Qc3 Kh7 42. Rd7 Qxd7 43. Qxf6 Qd5 44. Rd1 Qe6 45. Qxe6 Rxe6 46. Rd6 Rxd6 47. cxd6 e3 48. Kg3 Nd4 49. d7 Ne6 50. Bd5 Nd8 51. Kf3 1-0

[Event "Bratto op 21st"]
[Site "Bratto"]
[Date "2001.08.27"]
[Round "6"]
[White "Lanzani, Mario"]
[Black "Preiss, Martin"]
[Result "1/2-1/2"]
[WhiteElo "2380"]
[BlackElo "2262"]
[PlyCount "96"]
[EventDate "2001.08.22"]
[EventType "swiss"]
[EventRounds "9"]
[EventCountry "ITA"]
[SourceTitle "EXT 2002"]
[Source "ChessBase"]
[SourceDate "2001.11.25"]
[SourceVersion "1"]
[SourceVersionDate "2001.11.25"]
[SourceQuality "1"]

1. e4 d6 2. d4 Nf6 3. f3 e5 4. d5 c6 5. c4 Be7 6. Be3 0-0 7. Nc3 Na6 8. Nge2 Ne8 9. Qd2 Qa5 10. Nc1 f5 11. Nb3 Qd8 12. 0-0-0 f4 13. Bf2 c5 14. Be2 Nac7 15. g3 b6 16. Kb1 Bg5 17. h4 Bh6 18. g4 g5 19. Nc1 Rf7 20. Nd3 Bf8 21. hxg5 Qxg5 22. Ne1 Be7 23. Ng2 Qg7 24. Bh4 Bf8 25. Rh2 Bd7 26. Rdh1 a6 27. Be1 Be7 28. a4 Rb8 29. Nh4 Bxh4 30. Rxh4 b5 31. axb5 axb5 32. cxb5 Nxb5 33. Bxb5 Bxb5 34. Nxb5 Rxb5 35. Qh2 Rbb7 36. Rh5 Rf6 37. Rf5 Rg6 38. Qh4 Qd7 39. Rg5 Rxg5 40. Qxg5+ Ng7 41. Qh6 Qb5 42. Qxh7+ Kf7 43. Qh2 Qd3+ 44. Qc2 Qxf3 45. Rh6 Qf1 46. Qf2 Qd3+ 47. Qc2 Qf1 48. Qf2 Qd3+ 1/2-1/2